Most-Played Songs on Spotify - Updated 2021 - Statistics

General Stats
  • This quiz has been taken 883 times
  • The average score is 29 of 37
Answer Stats
Song(s) Musical Act % Correct
Shape of You | Thinking out Loud | Perfect | Photograph Ed Sheeran
99%
Starboy The Weeknd
96%
Blinding Lights The Weeknd
96%
Señorita Shawn Mendes and Camila Cabello
95%
Sorry | Love Yourself Justin Bieber
94%
One Dance | God's Plan Drake
93%
Bad Guy Billie Eilish
92%
Havana Camila Cabello
91%
Rockstar | Better Now | Congratulations Post Malone
90%
Sunflower Post Malone and Swae Lee
90%
7 Rings Ariana Grande
89%
Believer | Thunder Imagine Dragons
87%
Bohemian Rhapsody Queen
87%
Stitches Shawn Mendes
86%
Something Just Like This The Chainsmokers and Coldplay
85%
New Rules Dua Lipa
82%
Closer | Don't Let Me Down The Chainsmokers
82%
All of Me John Legend
79%
Sad! | Jocelyn Flores XXXTentacion
77%
Sicko Mode | Goosebumps Travis Scott
75%
Stressed Out Twenty One Pilots
75%
Shallow Lady Gaga and Bradley Cooper
73%
Someone You Loved Lewis Capaldi
73%
Despacito (Remix) Luis Fonsi and Daddy Yankee
72%
Dance Monkey Tones And I
72%
Take Me To Church Hozier
71%
Happier Marshmello and Bastille
71%
Lucid Dreams Juice Wrld
70%
Humble Kendrick Lamar
66%
Stay With Me Sam Smith
66%
Let Her Go Passenger
61%
Faded Alan Walker
59%
Lean On Major Lazer and DJ Snake
59%
Say You Won't Let Go James Arthur
53%
XO Tour Llif3 Lil Uzi Vert
52%
I Took a Pill in Ibiza Mike Posner
49%
Let Me Love You DJ Snake
43%
No matching quizzes found
Score Distribution
Percent of People with Each Score
Percentile by Number Answered
Your Score History
You have not taken this quiz